| 000 | 01030nam a2200289 a 4500 | ||
|---|---|---|---|
| 001 | 57125 | ||
| 003 | BD-RjUL | ||
| 005 | 20211209080454.0 | ||
| 008 | 161206s2006 enk b 001 0 eng | ||
| 020 | _a9780195182712 | ||
| 020 | _a0195182715 (alk. paper) | ||
| 035 | _a(BD-RjUL) 57249 | ||
| 040 |
_aDLC _cDLC _dBD-RjUL _beng |
||
| 041 | _aeng | ||
| 082 | 0 | 0 |
_a121.3 _223 _bHOE 2006 |
| 100 | 1 |
_aHorowitz, Tamara. _9169697 |
|
| 245 | 1 | 4 |
_aThe epistemology of a priori knowledge / _cTamara Horowitz ; edited by Joseph L. Camp, Jr. |
| 260 |
_aNew York : _bOxford University Press, _c2006. |
||
| 300 |
_a195 p. ; _c25 cm. |
||
| 504 | _aIncludes bibliographical references and index. | ||
| 650 | 0 |
_aA priori. _9169698 |
|
| 700 | 1 |
_aCamp, Joseph L. _9169699 |
|
| 856 | 4 | 2 |
_3Publisher description _uhttp://www.loc.gov/catdir/enhancements/fy0637/2004063611-d.html |
| 856 | 4 | 2 |
_3Contributor biographical information _uhttp://www.loc.gov/catdir/enhancements/fy0724/2004063611-b.html |
| 942 |
_2ddc _cBK |
||
| 999 |
_c57125 _d57125 |
||